Ruština pro posluchače VŠB

Bibliographic Details
Main Author: Jiráková, Irina (Author)
Format: Book
Language:Undetermined
PhysicalDescription:146 s.
Published: Ostrava Vysoká škola báňská 1971

MARC

LEADER 00000nam a2200000 a 4500
001 vtls001379255
003 SK-MaSNL
005 20260301161335.0
008 240313s1971 xx 0 und
035 |a SNK000333225 
040 |a SNK  |b slo  |c SNK  |e AACR2 
100 1 |a Jiráková, Irina  |4 aut  |9 279285 
245 1 |a Ruština pro posluchače VŠB 
260 |a Ostrava  |b Vysoká škola báňská  |c 1971 
300 |a 146 s. 
958 |a OND 
999 |c 809052  |d 810982 
952 |t P60, <04>, [BOOK], {604}  |a SNK  |b SNK  |y VYP  |7 0  |p 17A0221589  |o snkIB 26207 D1  |0 0  |1 1  |4 0  |d 1999-12-13  |l 0  |r 2005-01-02 00:00:00  |w 2026-02-24